半濁音が名前に入る市町村 - Statistics

General Stats
  • This quiz has been taken 1,076 times
  • The average score is 7 of 14
Answer Stats
Hint Answer % Correct
大分県 別府市
86%
山梨県 南アルプス市
81%
北海道 音威子府村
71%
北海道 比布町
68%
北海道 札幌市
64%
北海道 占冠村
53%
北海道 興部町
48%
北海道 西興部村
42%
北海道 訓子府町
41%
北海道 新冠町
40%
秋田県 八峰町
34%
北海道 南幌町
33%
岐阜県 安八町
33%
北海道 秩父別町
31%
No matching quizzes found
Score Distribution
Percent of People with Each Score
Percentile by Number Answered
Your Score History
You have not taken this quiz